MARC

LEADER 00000nam0a2200000 4500
001 220213
005 20231101230321.0
010 |a 0582429676 
035 |a (RuTPU)RU\TPU\book\240333 
090 |a 220213 
100 |a 20120820d2005 m y0engy50 ca 
101 0 |a eng 
102 |a GB 
105 |a y j 000zy 
200 1 |a How to Teach for Exams  |f S. Burgess, K. Head 
210 |a Harlow  |c Longman  |d 2005 
215 |a 156 p. 
225 1 |a How to... 
606 1 |a Английский язык  |x Содержание и методика преподавания языка в высшей школе  |2 stltpush  |3 (RuTPU)RU\TPU\subj\29068  |9 52480 
610 1 |a лексика 
610 1 |a грамматика 
610 1 |a разговорная речь 
610 1 |a обучение 
610 1 |a методика 
610 1 |a экзамены 
610 1 |a подготовка 
686 |a Ш143.21-91  |v LBC/SL-A  |2 rubbk 
700 1 |a Burgess  |b S.  |g Sally 
701 1 |a Head  |b K.  |g Katie 
801 1 |a RU  |b 63413507  |c 20120820 
801 2 |a RU  |b 63413507  |c 20120911  |g RCR 
942 |c BK